| 000 | 01410cam a2200409 4500 | ||
|---|---|---|---|
| 001 | 21243 | ||
| 003 | VRT | ||
| 005 | 20260225110518.0 | ||
| 008 | 210305s2020 xo er 000 f slo | ||
| 015 | _aSNBA2022/03 | ||
| 020 |
_a9788056903384 _q(viazané) |
||
| 039 | 9 |
_a202306141503 _bmsnk177 _c202207130800 _dmsvkbb04 _c202203151331 _dmsnk167 _c202109171104 _dmsnk134 |
|
| 040 |
_aSNK _bslo _cSNK _erda |
||
| 041 | 0 | _aslo | |
| 044 |
_axo _cSK |
||
| 072 | 7 |
_a821.162.4-3 _xSlovenská próza _2konspekt |
|
| 080 |
_a821.162.4-31 _22011 |
||
| 080 |
_a(0:82-993) _22011 |
||
| 100 | 1 |
_aLex, T. J. _4aut |
|
| 245 | 1 | 0 |
_aZa hranicami rozkoše _cT.J. Lex |
| 250 | _a1. vydanie | ||
| 264 | 1 |
_aBratislava _bMarenčin PT _c2020 |
|
| 300 |
_a190 strán _c21 cm |
||
| 336 |
_atext _btxt _2rdacontent |
||
| 337 |
_abez média _bn _2rdamedia |
||
| 338 |
_azväzok _bnc _2rdacarrier |
||
| 500 | _aObsahuje stručné biografické údaje o autorke na záložke prebalu publikácie | ||
| 655 | 7 |
_aslovenské romány _2SNKPH |
|
| 655 | 7 |
_aerotické romány _2SNKPH |
|
| 655 | 7 |
_aSlovak fiction _2SNKPHeng |
|
| 655 | 7 |
_aErotic novels _2SNKPHeng |
|
| 942 |
_2ddc _cKLDO _n0 |
||
| 949 |
_617A1458858 _asnkSC 194242 _bsnk2021/12901 _o1303/2021 _s6100:20220321 |
||
| 949 |
_617A1458859 _asnkSC 194242 D1 _bsnk2021/12903 _o1303/2021 |
||
| 949 |
_6270001000650850 _asvkbbA 164723 _bsvkbbm 800639 |
||
| 999 |
_c21243 _d21243 |
||